LEADER 01633nam a2200301 i 4500 001 000000073350 003 CaOOAMICUS 005 20211111143017.0 008 090615s1966 be u000 u fre u 013 $a44522 040 $aSeMil$bita 041 $afre$alat 100 0 $aIoannes : Philoponus,$d.$0(OLS)http://semarc/name/25202 240 10$aIn Aristotelis De anima libros commentaria.$0(OLS)http://semarc/title/437878 245 10$aCommentaire sur le De anima d'Aristote /$cJean Philopon ; traduction de Guillaume de Moerbeke ; édition critique avec une introduction sur la psychologie de Philopon par G. Verbeke. 264 1$aLouvain :$bPublications Universitaires de Louvain ;$aParis :$bBéatrice-Nauwelaerts,$c1966. 300 $aCXIX, 169 p. ;$c25 cm. 490 1 $aCorpus latinum commentariorum in Aristotelem graecorum ;$v3 650 4$aAristotele <384-322 a.C.> . De anima.$0(OLS)http://semarc/subject/1166 700 1 $aVerbeke, Gerard,$d<1910- >.$0(OLS)http://semarc/name/9605 700 1 $aGuillaume : de Moerbeke,$d.$0(OLS)http://semarc/name/36229 830 0$aCorpus latinum commentariorum in Aristotelem graecorum ;$v3.$0(OLS)http://semarc/title/28447 850 $aSeMil 852 $aSeMil$W1$xVenegono$y1$mSL1.N I 11$j229917$B239599$CSeMilBibl$Z2$F239599 $8I 996 $6245$aCommentaire sur le De anima d'Aristote$9(OLS)http://semarc/title/118427 996 $6264$aLouvain :$bPublications Universitaires de Louvain$9(OLS)http://semarc/publisher/33199 996 $6264$aParis :$bBéatrice-Nauwelaerts$9(OLS)http://semarc/publisher/32492 LEADER 01328nam a2200313 i 4500 001 000000154585 003 CaOOAMICUS 005 20260113123500.0 008 061020s1979 it u000 u ita u 013 $a131931 020 $a88-7018-002-6 040 $aSeMil$bita 100 1 $aJakobson, Roman.$0(OLS)http://semarc/name/34787 245 10$aHölderlin :$bl'arte della parola /$cRoman Jakobson ; con la collaborazione di Grete Lübbe-Grothues ; introduzione di Carlo Angelino. 260 $aGenova :$bIl melangolo,$c1979. 300 $aXV, 76 p., [4] c. di tav. ;$c21 cm. 490 0 $aOpuscula ;$v3 600 14$aHölderlin, Friedrich <1770-1843>.$0(OLS)http://semarc/subject/1236 700 1 $aAngelino, Carlo.$0(OLS)http://semarc/name/24597 700 1 $aLübbe-Grothues, Grete.$0(OLS)http://semarc/name/60464 830 0$aOpuscula ;$v3.$0(OLS)http://semarc/title/420504 850 $aSeMil 852 $aSeMil$W1$xVenegono$y1$m1W III 229$j106443$B106443$CSeMilBibl$Z2$F115668 $81 941 1 $a1 961 $aOmaggio: Ciprandi dott. Paolo 996 $6020$a88-7018-002-6$9(OLS)http://semarc/number/144529 996 $6245$aHölderlin :$bl'arte della parola$9(OLS)http://semarc/title/226239 996 $6260$aGenova :$bIl melangolo$9(OLS)http://semarc/publisher/30063